Normal view
MARC view
Entry Personal Name
001 - CONTROL NUMBER
- control field: 382
003 - CONTROL NUMBER IDENTIFIER
- control field: OSt
005 - DATE AND TIME OF LATEST TRANSACTION
- control field: 20110408171600.0
008 - FIXED-LENGTH DATA ELEMENTS
- fixed length control field: 110408|||a|||||| | ||| d
040 ## - CATALOGING SOURCE
- Original cataloging agency: OSt
- Transcribing agency: OSt
100 ## - HEADING--PERSONAL NAME
- Personal name: Shorts, Edwin.
670 ## - SOURCE DATA FOUND
- Source citation: Work cat.: (OSt)0: De Than, Claire. 379, International criminal law and human rights /, 2003.
